Atlantic City = Atlantic City /
El décimo sexto de los 23 largometrajes dirigidos por el cineasta francés Louis Malle (1932-1995) gira en torno a la historia amorosa tan conmovedora como imposible entre una joven que aspira a ser crupier en el casino de Montecarlo y el fiel y cincuentón guardián de la viuda de un gángster, ansioso...
Guardat en:
| Autor principal: | |
|---|---|
| Altres autors: | , , , , , , , |
| Format: | |
| Idioma: | anglès |
| Publicat: |
lugar de publicación no identificado :
Merchant Films,
1980, c1980
|
| Matèries: | |
| Etiquetes: |
Sense etiquetes, Sigues el primer a etiquetar aquest registre!
|
MARC
| LEADER | 00000ngm^a2200000^a^4500 | ||
|---|---|---|---|
| 001 | 000194781 | ||
| 005 | 20250521000000.0 | ||
| 009 | 20260310102728.986 | ||
| 037 | |a Acervo ITESO - Biblioteca | ||
| 041 | |a ING | ||
| 082 | |a 810. |b MAL | ||
| 100 | |a Malle, Louis |e (realización) | ||
| 240 | 1 | 1 | |a [Atlantic City] |
| 245 | 1 | 0 | |a Atlantic City = |b Atlantic City / |c Realización de L. Malle. |
| 264 | 4 | |a lugar de publicación no identificado : |b Merchant Films, |c 1980, c1980 | |
| 264 | 2 | |a México : |b Zima Entertainment [distribución], |c 2005, c2005 | |
| 300 | |a 1 DVD regiones 1 y 4 (104 min.) : |b color | ||
| 336 | |a imagen móvil bidimensional |b tdi |2 rdacontenido | ||
| 337 | |a video |b v |2 rdamedio | ||
| 338 | |a videodisco |b vd |2 rdasoporte | ||
| 520 | |a El décimo sexto de los 23 largometrajes dirigidos por el cineasta francés Louis Malle (1932-1995) gira en torno a la historia amorosa tan conmovedora como imposible entre una joven que aspira a ser crupier en el casino de Montecarlo y el fiel y cincuentón guardián de la viuda de un gángster, ansioso de cariño, quienes entran en contacto a través de una compleja trama en la que su relación se entrelaza con el tráfico de drogas, sobre el telón de fondo de la estación balnearia en declive de Atlantic City, en la costa este norteamericana. Galardonado en 1980 con el premio a la mejor película en el Festival de Cine de Venecia, donde Malle ya había sido reconocido como mejor director por Los amantes (1958) y volvería a repetir el premio máximo con Adiós a los niños (1987), es el segundo y para muchos el mejor de los cinco largometrajes que el francés filmó durante la etapa norteamericana de su filmografía. | ||
| 520 | |a Suplementos y características especiales: 1) Avance de la película, con subtítulos en español (2 min.) y 2) Pantallas de texto con sinopsis y datos de las filmografías del director; los productores Denis Héroux y John Kemeny y de los actores Burt Lancaster (1913-1994), Susan Sarandon, Michel Piccoli, Robert Joy y Kate Reid (1930-1993), integrantes de este multinacional reparto. | ||
| 546 | |a En francés e inglés, con subtítulos opcionales: español | ||
| 586 | |a Festival Internacional de Cine de Venecia (37º: 1980): Premio a la Mejor Película (León de Oro), ex-aequo con Gloria (John Cassavetes, 1980) | ||
| 586 | |a Premio Oscar, de la Academia Norteamericana de Cine (54°: 1981): Mejor Película (finalista) | ||
| 586 | |a Premio Oscar, de la Academia Norteamericana de Cine (54°: 1981): Mejor Dirección (finalista: Louis Malle) | ||
| 586 | |a Premio Globo de Oro, de la Asociación de la Prensa Extranjera de Hollywood (39°: 1981): Mejor Película Extranjera (finalista) | ||
| 586 | |a Premio Globo de Oro, de la Asociación de la Prensa Extranjera de Hollywood (39°: 1981): Mejor Dirección (finalista: Louis Malle) | ||
| 586 | |a Premio BAFTA, de la Academia Británica de Cine y Televisión (35°: 1981): Mejor Película (finalista) | ||
| 586 | |a Premio BAFTA, de la Academia Británica de Cine y Televisión (35°: 1981): Mejor Dirección (ganador: Louis Malle) | ||
| 586 | |a Registro Nacional de Cine de la Biblioteca del Congreso: Declaraciones de 2003 | ||
| 586 | |a Diseño de Indumentaria y Moda: Premio Genie, de la Academia Canadiense de Cine y Televisión (2°: 1980): Mejor Diseño de Vestuario (finalista: François Barbeau) | ||
| 649 | |a XX | ||
| 650 | |a Cineastas Franceses | ||
| 650 | |a Delincuentes en el Cine | ||
| 650 | |a Películas Policíacas | ||
| 650 | |a Dramas Cinematográficos | ||
| 650 | |a Cine Norteamericano - |y 1980-1989 | ||
| 650 | |a Cine Norteamericano - |y Siglo XX | ||
| 650 | |a Voyeurismo | ||
| 650 | |a Amor | ||
| 650 | |a Relaciones de Pareja | ||
| 650 | |a Sexualidad | ||
| 650 | |a Soledad | ||
| 650 | |a Mafia | ||
| 650 | |a Narcotráfico | ||
| 650 | |a Crimen Organizado | ||
| 650 | |a Problemas Sociales | ||
| 650 | |a Juegos de Azar | ||
| 650 | |a Juegos de Mesa | ||
| 650 | |a Prácticas Culturales | ||
| 650 | |a Casinos - |z Atlantic City, EUA | ||
| 650 | |a Casinos - |z Nueva Jersey, EUA | ||
| 650 | |a Casinos - |z EUA | ||
| 650 | |a Atlantic City, EUA en el Cine | ||
| 650 | |a Nueva Jersey, EUA en el Cine | ||
| 700 | |a Guare, John |e (guión) | ||
| 700 | |a Ciupka, Richard |e (fotógrafo) | ||
| 700 | |a Barbeau, François |e (vestuario) | ||
| 700 | |a Baron, Suzanne |e (montaje) | ||
| 700 | |a Legrand, Michel |e (música) | ||
| 700 | |a Lancaster, Burt |e (actuación) | ||
| 700 | |a Sarandon, Susan |e (actuación) | ||
| 700 | |a Piccoli, Michel |e (actuación) | ||
| 910 | |a Fondo General | ||
| 920 | |a Audiovisuales - DVDs | ||
| 940 | |a Películas | ||
| 905 | |a 302 | ||
| 901 | |a 0500137317 |b IT2 |c DVS |u 20250521 | ||
| 902 | |a https://opac.biblio.iteso.mx/vufind/Record/000194781 | ||